000 00613cam a22002291 4500
001 ne 68001336
003 DLC
005 20260227111840.0
008 921123s1965 tu b 000 0 tur
010 _ane 68001336
035 _a(OCoLC)27018217
040 _aDLC
_cCU
_dCU
_dDLC
042 _apremarc
050 0 0 _aBP173.4
_b.T6
100 1 _aTopaloğlu, Bekir.
245 1 0 _aİslâmda kadın.
260 _aİstanbul
_b[Yağmur Yayınevi]
_c1965.
300 _a270 p.
_c20 cm.
440 0 _aYağmur yayınları,
_v24. Fikrî eserler, 12
504 _aBibliography: p. 253-257.
650 0 _aWomen in Islam
999 _c50275
_d50275